401-500 Digits of Pi - Statistics

General Stats
  • This quiz has been taken 9 times
  • The average score is 44 of 100
Answer Stats
Answer % Correct
0
83%
0
83%
0
83%
3
83%
7
83%
9
83%
9
83%
9
83%
9
83%
1
67%
1
67%
2
67%
2
67%
3
67%
3
67%
3
67%
5
67%
5
67%
5
67%
5
67%
5
67%
6
67%
7
67%
7
67%
8
67%
0
50%
0
50%
1
50%
1
50%
6
50%
7
50%
8
50%
8
50%
8
50%
8
50%
8
50%
8
50%
9
50%
9
50%
9
50%
9
50%
9
50%
9
50%
0
33%
1
33%
1
33%
1
33%
1
33%
1
33%
1
33%
1
33%
1
33%
2
33%
2
33%
2
33%
2
33%
2
33%
3
33%
3
33%
3
33%
3
33%
3
33%
4
33%
4
33%
4
33%
4
33%
4
33%
5
33%
5
33%
5
33%
5
33%
5
33%
5
33%
6
33%
6
33%
6
33%
6
33%
7
33%
7
33%
7
33%
7
33%
7
33%
7
33%
7
33%
8
33%
8
33%
9
33%
9
33%
9
33%
1
17%
1
17%
1
17%
1
17%
2
17%
2
17%
2
17%
3
17%
3
17%
4
17%
7
17%
No matching quizzes found
Score Distribution
Percent of People with Each Score
Percentile by Number Answered
Your Score History
You have not taken this quiz